<?xml version="1.0" encoding="UTF-8"?>
<record
    xmlns:xsi="http://www.w3.org/2001/XMLSchema-instance"
    xsi:schemaLocation="http://www.loc.gov/MARC21/slim http://www.loc.gov/standards/marcxml/schema/MARC21slim.xsd"
    xmlns="http://www.loc.gov/MARC21/slim">

  <leader>01084nam a2200229 a 4500</leader>
  <controlfield tag="001">BRCA_8822</controlfield>
  <controlfield tag="005">20190320210426.0</controlfield>
  <controlfield tag="008">260417c1778----ag-#######---#000-0#----#</controlfield>
  <datafield tag="041" ind1=" " ind2=" ">
    <subfield code="a">spa</subfield>
  </datafield>
  <datafield tag="044" ind1=" " ind2=" ">
    <subfield code="a">sp</subfield>
  </datafield>
  <datafield tag="084" ind1=" " ind2=" ">
    <subfield code="a">BE203</subfield>
    <subfield code="b">.J83 1778</subfield>
  </datafield>
  <datafield tag="100" ind1="1" ind2=" ">
    <subfield code="a">Juan Bautista Carlos Mar&#xED;a de Beauvais</subfield>
    <subfield code="9">21987</subfield>
  </datafield>
  <datafield tag="245" ind1="1" ind2="0">
    <subfield code="a">Oraci&#xF3;n funevre de Luis XV el amado</subfield>
    <subfield code="b">rey de Francia, y de Navarra, pronunciada en la Iglesia de la Abad&#xED;a Real de San Dionisio, el d&#xED;a 27 Julio de 1774</subfield>
    <subfield code="c">por el Ilmo. Se&#xF1;or D. Juan Bautista Carlos Mar&#xED;a de Beauvais, Obispo de Senes; y traducida del franc&#xE9;s por el Mtro. Lucas Campoo y Otazu...</subfield>
  </datafield>
  <datafield tag="260" ind1=" " ind2=" ">
    <subfield code="a">Madrid</subfield>
    <subfield code="b">Por Blas Rom&#xE1;n</subfield>
    <subfield code="c">1778</subfield>
  </datafield>
  <datafield tag="300" ind1=" " ind2=" ">
    <subfield code="a">330 p.</subfield>
    <subfield code="c">15.4 x 10.5 cm.</subfield>
  </datafield>
  <datafield tag="500" ind1=" " ind2=" ">
    <subfield code="a">Con las licencias necesarias</subfield>
  </datafield>
  <datafield tag="500" ind1=" " ind2=" ">
    <subfield code="a">En portada: Con un discurso preliminar sobre la predicaci&#xF3;n Francesa, que para instrucci&#xF3;n de la juventud escribe el traductor</subfield>
  </datafield>
  <datafield tag="500" ind1=" " ind2=" ">
    <subfield code="a">Estado f&#xED;sico: presenta encuadernaci&#xF3;n en pergamino con algunos cuadernillos desprendidos</subfield>
  </datafield>
  <datafield tag="700" ind1="1" ind2=" ">
    <subfield code="a">Campoo y Otazu, Lucas</subfield>
    <subfield code="e">tr.</subfield>
    <subfield code="9">21988</subfield>
  </datafield>
  <datafield tag="902" ind1=" " ind2=" ">
    <subfield code="a">CFM</subfield>
  </datafield>
  <datafield tag="942" ind1=" " ind2=" ">
    <subfield code="2">lcc</subfield>
    <subfield code="c">B</subfield>
  </datafield>
  <datafield tag="999" ind1=" " ind2=" ">
    <subfield code="c">8473</subfield>
    <subfield code="d">8473</subfield>
  </datafield>
  <datafield tag="952" ind1=" " ind2=" ">
    <subfield code="0">0</subfield>
    <subfield code="1">0</subfield>
    <subfield code="4">0</subfield>
    <subfield code="7">0</subfield>
    <subfield code="a">BRCA</subfield>
    <subfield code="b">BRCA</subfield>
    <subfield code="d">2017-04-26</subfield>
    <subfield code="l">0</subfield>
    <subfield code="o">BE203 .J83 1778</subfield>
    <subfield code="p">CFM00149</subfield>
    <subfield code="r">2019-03-22 00:00:00</subfield>
    <subfield code="w">2019-03-22</subfield>
    <subfield code="y">B</subfield>
  </datafield>
</record>
